[Event "Asian Continental-ch Open 2019"]
[Site "XingTai"]
[Date "2019.06.07"]
[Round "1.11"]
[White "Nihal Sarin"]
[Black "Laylo, Darwin"]
[Result "1-0"]
[WhiteElo "2606"]
[BlackElo "2433"]
[Annotator "ChessBase"]
[PlyCount "87"]
[EventDate "2019.06.06"]
[EventType "swiss"]
[EventCountry "CHN"]
[SourceTitle "playchess.com"]
[Source "ChessBase"]
[SourceQuality "1"]
[TimeControl "40/5400+30:1800+30"]

1. d4 {[%emt 0:00:17]} Nf6 {[%emt 0:00:11]} 2. Bf4 {[%emt 0:00:38]} c5 {[%emt 0:01:31]} 3. d5 {[%emt 0:01:15]} d6 {[%emt 0:00:42]} 4. Nc3 {[%emt 0:01:13]} e5 {[%emt 0:00:20]} 5. Bd2 {[%emt 0:03:31]} a6 {[%emt 0:02:52]} 6. a4 {[%emt 0:03:50]} Bf5 {[%emt 0:05:29]} 7. e3 {[%emt 0:13:44]} h5 {[%emt 0:05:30]} 8. h4 {[%emt 0:12:07]} Ne4 {[%emt 0:03:30]} 9. Bd3 {[%emt 0:18:55]} Nxc3 {[%emt 0:02:35]} 10. Bxc3 {[%emt 0:00:34]} Bxd3 {[%emt 0:00:07]} 11. Qxd3 {[%emt 0:02:13]} Nd7 {[%emt 0:00:10]} 12. a5 {[%emt 0:01:02]} g6 {[%emt 0:01:05]} 13. Nf3 {[%emt 0:00:26]} Bg7 {[%emt 0:01:06]} 14. e4 {[%emt 0:03:03]} O-O {[%emt 0:01:45]} 15. Ng5 {[%emt 0:15:36]} Nf6 {[%emt 0:06:09]} 16. g3 {[%emt 0:00:40]} Nh7 {[%emt 0:01:45]} 17. Bd2 {[%emt 0:07:06]} Nxg5 {[%emt 0:06:01]} 18. hxg5 {[%emt 0:00:07]} f5 {[%emt 0:00:38]} 19. gxf6 {[%emt 0:00:19]} Qxf6 {[%emt 0:00:03]} 20. Qe2 {[%emt 0:00:53]} Rf7 {[%emt 0:01:59]} 21. Ra3 {[%emt 0:00:09]} Raf8 {[%emt 0:00:10]} 22. Rh2 {[%emt 0:00:01]} Qd8 {[%emt 0:01:54]} 23. g4 {[%emt 0:05:04]} h4 {[%emt 0:00:37]} 24. g5 {[%emt 0:00:08]} Rf4 {[%emt 0:00:19]} 25. Bxf4 {[%emt 0:00:26]} Rxf4 {[%emt 0:00:09]} 26. Rg2 {[%emt 0:01:54]} Qd7 {[%emt 0:04:16]} 27. Kf1 {[%emt 0:00:33]} Bf8 {[%emt 0:01:50]} 28. Kg1 {[%emt 0:01:01]} Be7 {[%emt 0:00:29]} 29. Rf3 {[%emt 0:01:31]} h3 {[%emt 0:04:43]} 30. Rxf4 {[%emt 0:01:10]} hxg2 {[%emt 0:03:01]} 31. Qg4 {[%emt 0:00:11]} Qxg4 {[%emt 0:00:24]} 32. Rxg4 {[%emt 0:00:01]} Bd8 {[%emt 0:00:14]} 33. Kxg2 {[%emt 0:01:15]} Bxa5 {[%emt 0:00:13]} 34. Rg3 {[%emt 0:00:31]} Bd8 {[%emt 0:00:25]} 35. c4 {[%emt 0:00:35]} Kf7 {[%emt 0:03:17]} 36. Rb3 {[%emt 0:00:46]} b5 {[%emt 0:04:04]} 37. cxb5 {[%emt 0:00:34]} axb5 {[%emt 0:00:03]} 38. Rxb5 {[%emt 0:00:01]} Bxg5 {[%emt 0:00:27]} 39. Rb7+ {[%emt 0:00:01]} Be7 {[%emt 0:00:38]} 40. Kf3 {[%emt 0:00:00]} Ke8 {[%emt 0:00:00]} 41. Ke2 {[%emt 0:00:52]} Kf7 {[%emt 0:06:50]} 42. Kd3 {[%emt 0:00:32]} Kf6 {[%emt 0:00:13]} 43. Kc4 {[%emt 0:00:08]} g5 {[%emt 0:01:48]} 44. f3 {[%emt 0:00:19]} 1-0

[Event "Asian Continental-ch Open 2019"]
[Site "XingTai"]
[Date "2019.06.07"]
[Round "1.12"]
[White "Battulga, Namkhai"]
[Black "Narayanan.S.L"]
[Result "0-1"]
[WhiteElo "2425"]
[BlackElo "2603"]
[Annotator "ChessBase"]
[PlyCount "82"]
[EventDate "2019.06.06"]
[EventType "swiss"]
[EventCountry "CHN"]
[SourceTitle "playchess.com"]
[Source "ChessBase"]
[SourceQuality "1"]
[TimeControl "40/5400+30:1800+30"]

1. e4 {[%emt 0:00:00]} c5 {[%emt 0:00:00]} 2. Nf3 {[%emt 0:00:00]} d6 {[%emt 0:00:00]} 3. d4 {[%emt 0:00:16]} cxd4 {[%emt 0:00:00]} 4. Nxd4 {[%emt 0:00:06]} Nf6 {[%emt 0:00:00]} 5. Nc3 {[%emt 0:00:08]} a6 {[%emt 0:00:11]} 6. Be2 {[%emt 0:00:36]} e5 {[%emt 0:00:18]} 7. Nb3 {[%emt 0:00:09]} Be7 {[%emt 0:00:57]} 8. O-O {[%emt 0:00:36]} O-O {[%emt 0:00:39]} 9. Be3 {[%emt 0:01:02]} Be6 {[%emt 0:01:38]} 10. Qd2 {[%emt 0:00:32]} Nbd7 {[%emt 0:05:36]} 11. a4 {[%emt 0:00:54]} Rc8 {[%emt 0:08:10]} 12. Rfd1 {[%emt 0:02:50]} Qc7 {[%emt 0:09:57]} 13. a5 {[%emt 0:00:48]} Rfd8 {[%emt 0:04:39]} 14. Qe1 {[%emt 0:00:53]} h6 {[%emt 0:08:13]} 15. h3 {[%emt 0:04:11]} Qc6 {[%emt 0:20:12]} 16. Bf3 {[%emt 0:01:22]} Nf8 {[%emt 0:00:49]} 17. Bb6 {[%emt 0:05:30]} Re8 {[%emt 0:00:04]} 18. Kh2 {[%emt 0:06:40]} N8h7 {[%emt 0:02:13]} 19. Rd2 {[%emt 0:12:35]} Ng5 {[%emt 0:00:51]} 20. Qe3 {[%emt 0:01:28]} Nxf3+ {[%emt 0:08:07]} 21. Qxf3 {[%emt 0:00:10]} Nd7 {[%emt 0:00:11]} 22. Nd5 {[%emt 0:05:46]} Bxd5 {[%emt 0:01:42]} 23. exd5 {[%emt 0:00:07]} Qb5 {[%emt 0:01:34]} 24. Be3 {[%emt 0:00:10]} Nf6 {[%emt 0:01:21]} 25. Qd1 {[%emt 0:03:32]} Rc4 {[%emt 0:02:57]} 26. Rd3 {[%emt 0:06:44]} Rec8 {[%emt 0:02:08]} 27. c3 {[%emt 0:01:09]} Ra4 {[%emt 0:05:31]} 28. Rxa4 {[%emt 0:05:39]} Qxa4 {[%emt 0:00:04]} 29. Bb6 {[%emt 0:00:32]} Nd7 {[%emt 0:06:02]} 30. Be3 {[%emt 0:03:44]} Bd8 {[%emt 0:01:14]} 31. g3 {[%emt 0:05:42]} Rc4 {[%emt 0:06:14]} 32. Kg2 {[%emt 0:10:35]} Bxa5 {[%emt 0:01:11]} 33. Nxa5 {[%emt 0:00:08]} Qxa5 {[%emt 0:00:03]} 34. b3 {[%emt 0:00:11]} Rc7 {[%emt 0:00:18]} 35. Qg4 {[%emt 0:00:34]} Nf6 {[%emt 0:00:37]} 36. Qh4 {[%emt 0:00:48]} e4 {[%emt 0:00:20]} 37. Rd1 {[%emt 0:00:53]} Qb5 {[%emt 0:00:12]} 38. Rd4 {[%emt 0:03:42]} Rxc3 {[%emt 0:01:15]} 39. Bxh6 {[%emt 0:01:11]} Qe2 {[%emt 0:00:42]} 40. Qg5 {[%emt 0:00:00]} Nh5 {[%emt 0:00:00]} 41. Rc4 {[%emt 0:13:10]} Rxg3+ {[%emt 0:01:28]} 0-1

[Event "Asian Continental-ch Open 2019"]
[Site "XingTai"]
[Date "2019.06.07"]
[Round "1.13"]
[White "Vaibhav, Suri"]
[Black "Zou, Chen"]
[Result "0-1"]
[WhiteElo "2599"]
[BlackElo "2415"]
[Annotator "ChessBase"]
[PlyCount "72"]
[EventDate "2019.06.06"]
[EventType "swiss"]
[EventCountry "CHN"]
[SourceTitle "playchess.com"]
[Source "ChessBase"]
[SourceQuality "1"]
[TimeControl "40/5400+30:1800+30"]

1. e4 {[%emt 0:00:00]} e5 {[%emt 0:00:09]} 2. Nf3 {[%emt 0:00:00]} Nc6 {[%emt 0:00:05]} 3. Bc4 {[%emt 0:00:02]} Bc5 {[%emt 0:00:05]} 4. O-O {[%emt 0:00:21]} Nf6 {[%emt 0:00:29]} 5. d3 {[%emt 0:00:05]} d6 {[%emt 0:00:06]} 6. c3 {[%emt 0:00:06]} a6 {[%emt 0:00:06]} 7. a4 {[%emt 0:00:19]} Ba7 {[%emt 0:00:06]} 8. Na3 {[%emt 0:01:02]} h6 {[%emt 0:02:33]} 9. Nc2 {[%emt 0:00:47]} O-O {[%emt 0:00:31]} 10. Be3 {[%emt 0:04:45]} Re8 {[%emt 0:02:08]} 11. b4 {[%emt 0:06:57]} Ne7 {[%emt 0:07:28]} 12. Re1 {[%emt 0:08:02]} Bxe3 {[%emt 0:04:58]} 13. Nxe3 {[%emt 0:00:37]} Ng6 {[%emt 0:11:26]} 14. Qb3 {[%emt 0:07:12]} Be6 {[%emt 0:02:16]} 15. Bxe6 {[%emt 0:06:31]} Rxe6 {[%emt 0:00:28]} 16. a5 {[%emt 0:00:16]} Qd7 {[%emt 0:02:59]} 17. c4 {[%emt 0:08:05]} Ree8 {[%emt 0:06:35]} 18. g3 {[%emt 0:05:17]} c6 {[%emt 0:13:56]} 19. Nf5 {[%emt 0:08:22]} Ne7 {[%emt 0:06:04]} 20. Ne3 {[%emt 0:02:48]} Ng6 {[%emt 0:02:01]} 21. Rad1 {[%emt 0:03:03]} Rad8 {[%emt 0:13:59]} 22. Kg2 {[%emt 0:04:21]} d5 {[%emt 0:01:33]} 23. c5 {[%emt 0:02:37]} Qe6 {[%emt 0:05:48]} 24. Qc2 {[%emt 0:02:01]} Rd7 {[%emt 0:00:42]} 25. Nf5 {[%emt 0:04:02]} Red8 {[%emt 0:00:58]} 26. Nd6 {[%emt 0:04:51]} Nf4+ {[%emt 0:03:46]} 27. Kh1 {[%emt 0:04:03]} Qh3 {[%emt 0:00:21]} 28. Rg1 {[%emt 0:07:10]} Nxd3 {[%emt 0:00:35]} 29. Rxd3 {[%emt 0:06:30]} dxe4 {[%emt 0:00:09]} 30. Nxe5 {[%emt 0:00:32]} exd3 {[%emt 0:00:26]} 31. Qc4 {[%emt 0:00:12]} Qh5 {[%emt 0:01:25]} 32. Qd4 {[%emt 0:04:06]} Re7 {[%emt 0:01:36]} 33. f4 {[%emt 0:00:37]} Rxe5 {[%emt 0:00:45]} 34. fxe5 {[%emt 0:00:25]} Qf3+ {[%emt 0:00:04]} 35. Rg2 {[%emt 0:00:03]} Ng4 {[%emt 0:00:04]} 36. Qf4 {[%emt 0:00:59]} Nf2+ {[%emt 0:00:03]} 0-1

[Event "Asian Continental-ch Open 2019"]
[Site "XingTai"]
[Date "2019.06.07"]
[Round "1.14"]
[White "Garcia, Jan Emmanuel"]
[Black "Aravindh, Chithambaram VR."]
[Result "1/2-1/2"]
[WhiteElo "2413"]
[BlackElo "2598"]
[Annotator "ChessBase"]
[PlyCount "88"]
[EventDate "2019.06.06"]
[EventType "swiss"]
[EventCountry "CHN"]
[SourceTitle "playchess.com"]
[Source "ChessBase"]
[SourceQuality "1"]
[TimeControl "40/5400+30:1800+30"]

1. Nf3 {[%emt 0:00:00]} d5 {[%emt 0:00:00]} 2. g3 {[%emt 0:00:00]} g6 {[%emt 0:00:00]} 3. Bg2 {[%emt 0:00:00]} Bg7 {[%emt 0:00:01]} 4. d4 {[%emt 0:00:02]} Nf6 {[%emt 0:00:06]} 5. c4 {[%emt 0:01:27]} c6 {[%emt 0:00:16]} 6. cxd5 {[%emt 0:01:05]} cxd5 {[%emt 0:00:10]} 7. Ne5 {[%emt 0:00:21]} O-O {[%emt 0:00:20]} 8. O-O {[%emt 0:06:05]} e6 {[%emt 0:00:24]} 9. Nc3 {[%emt 0:00:53]} Bd7 {[%emt 0:02:07]} 10. e3 {[%emt 0:15:34]} Nc6 {[%emt 0:00:55]} 11. Nxd7 {[%emt 0:01:46]} Qxd7 {[%emt 0:02:23]} 12. b3 {[%emt 0:01:32]} Rfc8 {[%emt 0:12:36]} 13. Bb2 {[%emt 0:03:21]} Ne7 {[%emt 0:00:10]} 14. Qd3 {[%emt 0:00:52]} Nf5 {[%emt 0:01:34]} 15. Rfc1 {[%emt 0:07:02]} h5 {[%emt 0:00:31]} 16. h3 {[%emt 0:06:52]} Bf8 {[%emt 0:04:47]} 17. Rc2 {[%emt 0:05:49]} Rc6 {[%emt 0:02:35]} 18. Rac1 {[%emt 0:01:11]} Rac8 {[%emt 0:00:16]} 19. Ne2 {[%emt 0:01:21]} Bd6 {[%emt 0:01:36]} 20. Rxc6 {[%emt 0:00:21]} Rxc6 {[%emt 0:00:16]} 21. Rxc6 {[%emt 0:02:17]} Qxc6 {[%emt 0:00:09]} 22. Nc3 {[%emt 0:06:14]} a6 {[%emt 0:01:38]} 23. e4 {[%emt 0:08:17]} dxe4 {[%emt 0:00:19]} 24. Nxe4 {[%emt 0:00:15]} Nxe4 {[%emt 0:00:30]} 25. Bxe4 {[%emt 0:02:35]} Qc8 {[%emt 0:03:59]} 26. Qc3 {[%emt 0:08:07]} Qxc3 {[%emt 0:01:52]} 27. Bxc3 {[%emt 0:00:07]} b6 {[%emt 0:00:10]} 28. Kg2 {[%emt 0:07:46]} Ne7 {[%emt 0:01:52]} 29. Bb7 {[%emt 0:00:31]} a5 {[%emt 0:01:23]} 30. Kf3 {[%emt 0:01:45]} Kf8 {[%emt 0:03:54]} 31. a4 {[%emt 0:00:54]} Ke8 {[%emt 0:00:35]} 32. Bd2 {[%emt 0:01:18]} f6 {[%emt 0:11:10]} 33. Be3 {[%emt 0:00:58]} Bc7 {[%emt 0:01:16]} 34. Ba6 {[%emt 0:00:37]} Kf7 {[%emt 0:06:08]} 35. Bc4 {[%emt 0:00:15]} g5 {[%emt 0:01:24]} 36. g4 {[%emt 0:00:34]} hxg4+ {[%emt 0:01:59]} 37. hxg4 {[%emt 0:03:30]} Nd5 {[%emt 0:00:15]} 38. Bxd5 {[%emt 0:01:23]} exd5 {[%emt 0:00:07]} 39. Ke2 {[%emt 0:00:14]} Ke6 {[%emt 0:00:31]} 40. f3 {[%emt 0:00:00]} Bd8 {[%emt 0:00:00]} 41. Kd3 {[%emt 0:00:13]} f5 {[%emt 0:01:18]} 42. Bg1 {[%emt 0:00:14]} f4 {[%emt 0:00:41]} 43. Bf2 {[%emt 0:00:09]} Be7 {[%emt 0:00:04]} 44. Be1 {[%emt 0:00:08]} Bb4 {[%emt 0:00:08]} 1/2-1/2

[Event "Asian Continental-ch Open 2019"]
[Site "XingTai"]
[Date "2019.06.07"]
[Round "1.15"]
[White "Idani, Pouya"]
[Black "Zhang, Ziji"]
[Result "1/2-1/2"]
[WhiteElo "2597"]
[BlackElo "2408"]
[Annotator "ChessBase"]
[PlyCount "39"]
[EventDate "2019.06.06"]
[EventType "swiss"]
[EventCountry "CHN"]
[SourceTitle "playchess.com"]
[Source "ChessBase"]
[SourceQuality "1"]
[TimeControl "40/5400+30:1800+30"]

1. e4 {[%emt 0:00:00]} e5 {[%emt 0:00:00]} 2. Nf3 {[%emt 0:00:00]} Nc6 {[%emt 0:00:00]} 3. Bb5 {[%emt 0:00:00]} a6 {[%emt 0:00:00]} 4. Ba4 {[%emt 0:00:00]} Nge7 {[%emt 0:01:58]} 5. c3 {[%emt 0:00:00]} g6 {[%emt 0:00:07]} 6. d4 {[%emt 0:01:37]} exd4 {[%emt 0:00:10]} 7. cxd4 {[%emt 0:00:04]} b5 {[%emt 0:00:07]} 8. d5 {[%emt 0:00:09]} bxa4 {[%emt 0:03:52]} 9. dxc6 {[%emt 0:00:19]} Nxc6 {[%emt 0:00:16]} 10. Qxa4 {[%emt 0:00:54]} Bg7 {[%emt 0:02:02]} 11. O-O {[%emt 0:00:16]} O-O {[%emt 0:01:05]} 12. Nc3 {[%emt 0:00:04]} Ne7 {[%emt 0:05:31]} 13. Rd1 {[%emt 0:10:25]} d6 {[%emt 0:04:37]} 14. e5 {[%emt 0:02:53]} Bb7 {[%emt 0:17:14]} 15. exd6 {[%emt 0:02:38]} cxd6 {[%emt 0:00:05]} 16. Nd4 {[%emt 0:10:17]} Qc8 {[%emt 0:12:38]} 17. Bf4 {[%emt 0:03:24]} Rd8 {[%emt 0:03:50]} 18. Rac1 {[%emt 0:05:29]} Qg4 {[%emt 0:04:52]} 19. Bg3 {[%emt 0:00:29]} h5 {[%emt 0:00:45]} 20. f3 {[%emt 0:28:44]} 1/2-1/2

[Event "Asian Continental-ch Open 2019"]
[Site "XingTai"]
[Date "2019.06.07"]
[Round "1.16"]
[White "Harshavardhan G B"]
[Black "Karthikeyan, Murali"]
[Result "0-1"]
[WhiteElo "2406"]
[BlackElo "2593"]
[Annotator "ChessBase"]
[PlyCount "82"]
[EventDate "2019.06.06"]
[EventType "swiss"]
[EventCountry "CHN"]
[SourceTitle "playchess.com"]
[Source "ChessBase"]
[SourceQuality "1"]
[TimeControl "40/5400+30:1800+30"]

1. d4 {[%emt 0:00:23]} Nf6 {[%emt 0:00:00]} 2. c4 {[%emt 0:00:08]} Nc6 {[%emt 0:00:00]} 3. Nf3 {[%emt 0:00:07]} e6 {[%emt 0:00:00]} 4. g3 {[%emt 0:03:14]} Bb4+ {[%emt 0:00:47]} 5. Bd2 {[%emt 0:02:02]} Qe7 {[%emt 0:00:13]} 6. Nc3 {[%emt 0:00:04]} O-O {[%emt 0:01:35]} 7. Bg2 {[%emt 0:00:17]} d6 {[%emt 0:01:18]} 8. a3 {[%emt 0:00:24]} Bxc3 {[%emt 0:00:12]} 9. Bxc3 {[%emt 0:00:06]} Ne4 {[%emt 0:07:37]} 10. Rc1 {[%emt 0:02:12]} a5 {[%emt 0:08:04]} 11. d5 {[%emt 0:04:56]} Nd8 {[%emt 0:07:53]} 12. O-O {[%emt 0:01:50]} a4 {[%emt 0:04:55]} 13. Nd2 {[%emt 0:01:32]} Nxc3 {[%emt 0:12:28]} 14. Rxc3 {[%emt 0:00:19]} e5 {[%emt 0:02:55]} 15. f4 {[%emt 0:01:56]} f5 {[%emt 0:08:36]} 16. e4 {[%emt 0:16:40]} fxe4 {[%emt 0:12:30]} 17. Bxe4 {[%emt 0:00:00]} g6 {[%emt 0:06:58]} 18. Qc2 {[%emt 0:00:00]} Bh3 {[%emt 0:03:03]} 19. Rf2 {[%emt 0:00:00]} Qf6 {[%emt 0:05:59]} 20. Rcf3 {[%emt 0:00:55]} Nf7 {[%emt 0:00:31]} 21. c5 {[%emt 0:18:22]} Bg4 {[%emt 0:01:53]} 22. fxe5 {[%emt 0:00:36]} Qxe5 {[%emt 0:00:07]} 23. Rf4 {[%emt 0:00:07]} Ng5 {[%emt 0:00:22]} 24. Rxf8+ {[%emt 0:02:12]} Rxf8 {[%emt 0:00:04]} 25. Rxf8+ {[%emt 0:00:10]} Kxf8 {[%emt 0:00:05]} 26. cxd6 {[%emt 0:03:45]} Qd4+ {[%emt 0:03:49]} 27. Kf1 {[%emt 0:08:44]} Qe3 {[%emt 0:00:45]} 28. Nc4 {[%emt 0:04:08]} Bh3+ {[%emt 0:00:44]} 29. Bg2 {[%emt 0:02:13]} Bxg2+ {[%emt 0:00:06]} 30. Qxg2 {[%emt 0:00:05]} Qc1+ {[%emt 0:00:04]} 31. Kf2 {[%emt 0:00:07]} Qxc4 {[%emt 0:00:06]} 32. dxc7 {[%emt 0:00:44]} Qxc7 {[%emt 0:00:08]} 33. Ke3 {[%emt 0:00:59]} Nf7 {[%emt 0:00:43]} 34. Qd2 {[%emt 0:00:51]} Qe5+ {[%emt 0:01:31]} 35. Kf2 {[%emt 0:00:31]} Nd6 {[%emt 0:00:55]} 36. Qb4 {[%emt 0:00:08]} Qxd5 {[%emt 0:02:21]} 37. Qxa4 {[%emt 0:00:06]} Qd2+ {[%emt 0:00:10]} 38. Kf1 {[%emt 0:01:16]} Qxb2 {[%emt 0:01:49]} 39. Qd7 {[%emt 0:00:50]} Qb1+ {[%emt 0:01:02]} 40. Kg2 {[%emt 0:00:00]} Qc2+ {[%emt 0:00:00]} 41. Kg1 {[%emt 0:00:45]} Qc5+ {[%emt 0:00:39]} 0-1

[Event "Asian Continental-ch Open 2019"]
[Site "XingTai"]
[Date "2019.06.08"]
[Round "1.17"]
[White "Yakubboev, Nodirbek"]
[Black "Akash G"]
[Result "1/2-1/2"]
[WhiteElo "2587"]
[BlackElo "2404"]
[Annotator "TA"]
[PlyCount "116"]
[EventDate "2019.06.06"]
[EventType "swiss"]
[EventCountry "CHN"]
[SourceTitle "playchess.com"]
[Source "ChessBase"]
[SourceQuality "1"]

{[%evp 11,116,-1,-15,-25,2,0,0,0,-2,0,0,-13,0,0,0,0,0,0,0,0,0,0,0,0,13,10,12,8,8,6,17,0,0,0,0,0,0,0,12,12,12,12,12,12,12,12,12,12,17,17,17,18,27,0,1,1,2,0,0,0,18,10,13,0,15,16,16,17,16,17,17,19,50,70,46,60,130,137,162,13,138,55,57,25,95,104,279,173,156,-170,-170,-170,-170,-170,-170,-1175,-1180,-984,-940,-840,-152,-152,-152,-152,-152,-152,-152]} 1. Nf3 Nf6 2. c4 g6 3. b4 Bg7 4. Bb2 O-O 5. e3 d6 6. d4 e5 7. dxe5 {E60: King's Indian: Unusual lines and Fianchetto Variation without Nc3} Nfd7 8. Nc3 Nxe5 9. Nxe5 {The position is equal.} Bxe5 10. Be2 a5 11. a3 Nc6 $146 ({Predecessor:} 11... Nd7 12. O-O Nb6 13. Rb1 axb4 14. axb4 Be6 15. Nd5 Na4 16. Bxe5 dxe5 17. Ra1 {½-½ (17) Almeida Quintana,O (2540)-Strikovic,A (2490) Guatemala City 2019}) 12. Qb3 axb4 13. axb4 Rxa1+ 14. Bxa1 Qh4 15. g3 Qh3 16. Bf1 Qf5 17. Bg2 Qd3 {aiming for ...Nd4!} 18. Be4 $1 {[%cal Re4d3]} Bxc3+ $1 19. Qxc3 Qxc3+ 20. Bxc3 Re8 21. Bc2 Be6 22. c5 dxc5 23. bxc5 Bc4 24. h4 Ne5 25. h5 Nd3+ 26. Bxd3 $1 Bxd3 27. hxg6 fxg6 $11 {[%mdl 4096] Endgame KRB-KRB} 28. Kd2 Be4 29. Rh4 Bf3 30. Rf4 Rd8+ 31. Bd4 Bc6 32. Rg4 Rf8 33. e4 Ra8 34. Ke3 Ra3+ 35. Kf4 Kf7 {Strongly threatening ...h6.} 36. Rh4 h5 37. Be3 Kf6 {Threatens to win with ...g5+.} 38. e5+ Ke6 39. Kg5 Be8 40. Rb4 Ra7 41. Bd4 Kd5 42. c6 b6 43. Kf6 Kxc6 (43... Bxc6 $14 44. Be3 Ra4) 44. e6 $16 Ra8 45. e7 (45. Be5 $18) 45... Kb7 (45... Ra3 $1 $11) 46. Be5 (46. Kg7 $1 $16) 46... c5 $14 47. Rb1 {[%mdl 1024] White has compensation.} c4 (47... Ra3 $1 $11) 48. Rd1 $16 b5 $2 (48... Ra3 $16) 49. Rd8 b4 {[%cal Bb5b4,Bb4b3][%mdl 32]} 50. Bd6 $2 (50. f4 $16 {keeps the pressure on.}) 50... b3 $19 51. Rxa8 Kxa8 {KB-KB} 52. Be5 Kb7 {Hoping for ...Kc6.} 53. Kg7 $2 (53. f4) 53... Kc6 54. Kf8 Bd7 55. f4 {[#]} Kd5 $2 (55... Kc5 $1 $19 {and Black stays clearly on top.} 56. Bc3 Kd5) 56. Kg7 $17 {[#]Black is clearly better.} g5 $1 {[%mdl 512]} 57. f5 (57. fxg5 Kxe5) 57... Kxe5 58. f6 {[#] f7 is the strong threat.} b2 $1 {Accuracy: White = 57%, Black = 41%.} 1/2-1/2

[Event "Asian Continental-ch Open 2019"]
[Site "XingTai"]
[Date "2019.06.08"]
[Round "2.2"]
[White "Praggnanandhaa R"]
[Black "Firouzja, Alireza"]
[Result "1/2-1/2"]
[WhiteElo "2537"]
[BlackElo "2682"]
[Annotator "TA"]
[PlyCount "100"]
[EventDate "2019.06.06"]
[EventType "swiss"]
[EventCountry "CHN"]
[SourceTitle "playchess.com"]
[Source "ChessBase"]
[SourceQuality "1"]

{[%evp 10,100,28,29,35,48,45,32,25,15,28,33,56,48,50,66,65,49,87,75,95,116,101,94,104,96,108,109,113,96,100,103,74,62,119,101,97,110,105,20,114,35,40,-234,20,36,29,24,22,29,42,37,24,35,66,74,73,0,45,16,23,24,16,17,24,17,139,135,133,9,9,7,9,9,8,1,10,0,0,0,0,0,6,0,13,13,13,13,13,13,20,20,20]} 1. e4 e5 2. Nf3 Nc6 3. Bc4 Nf6 4. d3 h6 5. O-O d6 6. c3 g5 {C55: Two Knights: 4 d3, 4 d4 exd4 5 e5 and Max Lange Attack} 7. Nbd2 Bg7 8. Bb3 O-O {White is slightly better.} 9. Nc4 Be6 10. Re1 g4 11. Nfd2 d5 12. exd5 Nxd5 13. Ne4 {[#]} b6 $146 ({Predecessor:} 13... a5 14. Nc5 {½-½ (101) Nozdrachev,V (2489)-Chigaev,M (2637) Sochi 2019}) 14. Ng3 Qd7 15. Nh5 f6 16. d4 {Strongly threatening dxe5.} Qf7 17. Nxg7 Kxg7 18. dxe5 f5 19. Qe2 f4 20. Ba4 Nce7 {Threatening ...f3.} 21. Nd6 Qh5 (21... Qg6 $14) 22. c4 f3 {[#]} 23. Qe4 $1 Nb4 24. Bf4 (24. Bd2 $16 Na6 25. Bc2) 24... Nd3 (24... Na6 $11 25. Be3 (25. Bc2 Nf5 $11) 25... fxg2) 25. Bc2 (25. Qxd3 $16 Rxf4 26. Ne4) 25... Rxf4 $14 26. Qxa8 $2 {[%mdl 8192] [#]} (26. Qxd3 $14 {is the one way to stay ahead.} Ng6 27. Ne4 (27. g3 Qh3 $11)) 26... Rf8 $2 (26... Nxf2 $1 $19 27. Ne8+ {[%mdl 64] Double Attack} (27. Kxf2 $2 Qxh2 28. Ke3 fxg2 $19) (27. Qxa7 {leads to mate.} g3 28. hxg3 Ng4 29. Ne8+ Kf8 30. gxf4 Qh2+ {[%mdl 64] Double Attack} 31. Kf1 Qxg2#) 27... Kf7 28. Nxc7 (28. Kxf2 $2 Qxh2 29. Qe4 Rxe4 $19) (28. Nf6 Rxf6 29. Ba4 c6 $19) 28... Bc8) 27. Qe4 $11 g3 $1 {[%cal Rg3h2]} 28. hxg3 fxg2 {[%csl Gg2][%cal Rh5h1]} 29. Qh4 Qxh4 30. gxh4 Nxe1 31. Rxe1 Nc6 32. Nb5 Bxc4 {[%mdl 64] Double Attack} 33. Nc3 (33. Nxc7 $16 Rc8 34. b3) 33... Bf1 34. Re4 Rf3 35. Ne2 Bxe2 $1 36. Rxe2 {[%mdl 4096] Endgame Be4 is the strong threat. KRB-KRN} Nd4 37. Rd2 c5 (37... Rf4 $1 $11 38. Kxg2 h5) 38. Kxg2 $16 {Hoping for Rxd4!} Rf8 39. b4 (39. Kg3 $16) 39... Kf7 $11 {The position is equal.} 40. bxc5 bxc5 41. f4 Ke6 $1 42. Kg3 Rg8+ 43. Kf2 Kd5 $1 44. e6 Rb8 45. f5 {aiming for e7.} Ke5 46. Ke3 Re8 47. Rf2 {Threatens to win with Ba4.} Nxc2+ 48. Rxc2 Kxf5 49. Rxc5+ Kf6 50. Kf4 Rxe6 {Accuracy: White = 64%, Black = 57%.} 1/2-1/2

[Event "Asian Continental-ch Open 2019"]
[Site "XingTai"]
[Date "2019.06.08"]
[Round "2.3"]
[White "Tran, Tuan Minh"]
[Black "Maghsoodloo, Parham"]
[Result "1-0"]
[WhiteElo "2526"]
[BlackElo "2665"]
[Annotator "TA"]
[PlyCount "91"]
[EventDate "2019.06.06"]
[EventType "swiss"]
[EventCountry "CHN"]
[SourceTitle "playchess.com"]
[Source "ChessBase"]
[SourceQuality "1"]

{[%evp 9,91,18,19,25,17,8,8,0,11,0,14,22,17,20,22,20,23,28,6,22,47,10,15,8,18,4,4,2,4,6,24,8,28,20,25,17,18,-9,-9,-14,-12,-13,-13,-11,0,0,0,-12,-11,-4,-3,-12,0,-4,0,0,129,136,136,135,105,105,205,73,211,187,345,345,345,345,345,345,345,345,462,331,29993,29994,29994,29995,29995,29996,29997,29998]} 1. d4 d5 2. c4 e6 3. Nc3 a6 4. cxd5 exd5 5. Bf4 Nf6 6. e3 {D31: Queen's Gambit Declined: Semi-Slav without ...Nf6 (+ Marshall Gambit and Noteboom) and Exchange Variation lines without ...Nf6} Bd6 7. Bg3 O-O 8. Bd3 {The position is equal.} Re8 9. Nf3 Bg4 $146 ({Predecessor:} 9... Nc6 10. Bh4 Be7 11. h3 Ne4 12. Bxe7 Rxe7 {1-0 (52) Anand,V (2762)-Drazic,S (2508) Bastia 2000}) 10. Qb3 Nc6 11. O-O Bxg3 12. hxg3 Rb8 13. Rac1 Ne7 14. Qc2 g6 15. b4 Bf5 16. a4 h5 17. Ne5 c6 18. b5 axb5 19. axb5 {next Bxf5 is good for White.} Ng4 20. Rfd1 Rc8 21. bxc6 bxc6 22. Ne2 Qd6 23. Qc5 Qf6 {Strongly threatening ...Nxf2!} 24. Nf4 Nxe5 25. dxe5 Qxe5 26. e4 Bg4 ({Don't blunder} 26... Bxe4 $2 27. Bxe4 Red8 28. Bd3 $18) 27. Re1 $1 Qg5 28. Ba6 Rcd8 29. exd5 cxd5 30. Qd4 Rd6 31. Qa7 $132 {[%mdl 2048] Hoping for Rc7. White is fighting back} Bd7 32. Rc7 Rd8 {[#]} (32... Nf5 $11 {keeps the balance.} 33. Rxe8+ Bxe8) 33. Bb5 $1 $16 {[%cal Rb5d7][%mdl 512]} Nc8 (33... Bxb5 34. Rexe7) 34. Qc5 Bxb5 35. Qxb5 {Black must now prevent Re8+.} Kf8 (35... Rf8 $16 {is a better defense.}) 36. Re3 (36. Qb4 $1 $18 {is more deadly.}) 36... Qf5 (36... Nb6 $16) 37. Rf3 $1 $18 Ne7 $2 {[#]} (37... Kg8) 38. Qb7 $1 Re8 {[#]} 39. Rxe7 $1 {[%mdl 576] Deflection} Rxe7 40. Qb8+ {[%mdl 64] Double Attack} Kg7 {Threatens to win with ...Re1+.} 41. Qxd6 {[%mdl 64] Double Attack} Re1+ 42. Kh2 Qb1 $2 {[#]} (42... Qe5 $18 43. Qxe5+ Rxe5) 43. Nxh5+ $1 {[%mdl 512] White mates.} Kh6 (43... gxh5 44. Qf6+) 44. Qf4+ {[%mdl 64] Double Attack} g5 45. Qf6+ Kxh5 {[#]} 46. g4+ $1 {[%mdl 512] Accuracy: White = 61%, Black = 40%.} 1-0